| 000 | 00575nam a2200181Ia 4500 | ||
|---|---|---|---|
| 008 | 240925s9999 xx 000 0 und d | ||
| 020 | _a9788126550333 | ||
| 082 | _a004.6782 KAV | ||
| 100 | _aKavis, Michael J. | ||
| 245 | 0 | _aArchitecting the Cloud: design decisions for cloud computing service models (SaaS, PaaS, and IaaS) | |
| 250 | _aNA | ||
| 260 |
_aNew Delhi: _bJohn Wiley and Sons _c,2014. |
||
| 300 |
_aix, 582p. _b0 _fOriginal |
||
| 500 | _aIncludes Index | ||
| 600 | _aComputer Science | ||
| 650 | _aComputer science, information & general works | ||
| 942 | _cBK | ||
| 999 |
_c13402 _d13402 |
||